MARC

LEADER 00000nam0a2200000 4500
001 362554
005 20231102011512.0
035 |a (RuTPU)RU\TPU\retro\19900 
090 |a 362554 
100 |a 20210729d1980 km y0rusy50 ca 
101 0 |a rus 
102 |a RU 
105 |a a z 001zy 
200 1 |a Управление в автономных электроэнергетических системах с использованием микроэлектроники и системного анализа  |f Академия наук СССР, Сибирское отделение, Сибирский энергетический институт им. Л. А. Мелентьева ; отв. ред. Ш. С. Абдулаев 
210 |a Иркутск  |c Изд-во СЭИ  |d 1980 
215 |a 181 с.  |c ил. 
320 |a Библиогр. в конце ст. 
606 1 |a Электроэнергетические системы  |2 stltpush  |3 (RuTPU)RU\TPU\subj\21043  |9 46092 
610 1 |a автономные системы 
610 1 |a управление 
610 1 |a микроэлектронные устройства 
610 1 |a использование 
610 1 |a системный анализ 
610 1 |a надежность 
610 1 |a синхронные генераторы 
610 1 |a управляющие элементы 
610 1 |a синхронизаторы 
610 1 |a адаптивное регулирование 
675 |a 621.311  |v 4 
702 1 |a Абдулаев  |b Ш. С.  |4 340 
712 0 2 |a Академия наук СССР  |b Сибирское отделение  |b Сибирский энергетический институт им. Л. А. Мелентьева  |c (Иркутск)  |c (1960-1991)  |2 stltpush  |3 (RuTPU)RU\TPU\col\11908  |9 25295 
801 1 |a RU  |b 63413507  |c 20210729 
942 |c BK